00582nam a2200181Ia 4500001001000000003000500010008004100015010001100056040000900067082002000076100001900096245007600115300000900191440001600200500008900216650006500305710003000370Para_8337CHAP220125s9999 xx 000 0 und d a207199 cCHAP aPA-C 595.752 A6 aGillette, C.P. aThe poplar bark aphid (Schizoneura populi n. sp.) /c by C.P. Gillette a4 p. aAphidae; 12 aSobretiro de: Ent. News 19 (1): 1-4, 1908. Encuadernado con otros impresos similares ax Afididos x Colecciones de escritos x Eriosoma lanigerum aEntomological News 19 (1)